[Event "Winnipeg TNT June op"]
[Site "Winnipeg"]
[Date "2011.06.21"]
[Round "3"]
[White "Campbell, Gary"]
[Black "Wolchock, Joe"]
[Result "1-0"]
[WhiteElo "1731"]
[BlackElo "1323"]
[PlyCount "61"]
[EventDate "2011.06.07"]
[EventType "swiss"]
[EventRounds "4"]
[EventCountry "CAN"]
[SourceTitle "EXT 2022"]
[Source "ChessBase"]
[SourceDate "2021.10.06"]
[SourceVersion "1"]
[SourceVersionDate "2021.10.06"]
[SourceQuality "1"]

1. d4 d5 2. c4 e6 3. Nc3 Nf6 4. cxd5 exd5 5. Bg5 Bb4 6. e3 0-0 7. Bd3 Bg4 8. Bxf6 Be7 9. Bxe7 Qxe7 10. Qxg4 Nc6 11. Nf3 Nb4 12. Rd1 Nxd3+ 13. Rxd3 Qb4 14. Rd2 Rae8 15. 0-0 Re6 16. Nxd5 Qd6 17. Nf4 Re7 18. Rc2 c6 19. Nh4 Re4 20. Nf5 Qg6 21. Ne7+ Rxe7 22. Nxg6 fxg6 23. Qg5 Rc7 24. g3 Rf5 25. Qd8+ Kf7 26. Qxc7+ Ke8 27. Qxb7 Rf7 28. Qxc6+ Rd7 29. d5 g5 30. d6 Kd8 31. Qa8# 1-0